Sense8 Characters (Picture Click) Quiz Stats

Quiz not verified by Sporcle

Also try: Drinking on TV
Challenge
Share
Tweet
Score 0/20 Timer 02:00
0 Plays Today
% Correct
Sun
94.3%
Nomi
93.4%
Riley
92.6%
Wolfgang
92.3%
Lito
91.7%
Will
91.1%
Daniela
91.1%
Kala
90.3%
Jonas
90.1%
Whispers
89.3%
% Correct
Capheus
89.1%
Amanita
88.7%
Hernando
88.5%
Felix
87.6%
Angelica
86%
Rajan
84.3%
Old Man of Hoy
83.1%
Yrsa
83.1%
Bug
74.7%
Jela
63.9%

You're not logged in!

Compare scores with friends on all Sporcle quizzes.
Join for Free
OR
Log In

You Might Also Like...

Show Comments

Extras

Top Quizzes Today


Score Distribution

Your Account Isn't Verified!

In order to create a playlist on Sporcle, you need to verify the email address you used during registration. Go to your Sporcle Settings to finish the process.

Report this User

Report this user for behavior that violates our Community Guidelines.

Details: